| 000 | 01148cam a22002054a 4500 | ||
|---|---|---|---|
| 005 | 20250605164121.0 | ||
| 008 | 250528s ||||||||||||||||||||||||d | ||
| 035 | _a18264 | ||
| 020 | _a70434948 | ||
| 040 |
_aGR-AtMCL _bgre _dGR-AtMCL _eAACR2 |
||
| 245 | 1 | _aSocial Psychology / Second Edition | |
| 250 | _a2nd | ||
| 260 |
_bMcgraw Hill, _c2000 |
||
| 300 | _a618 | ||
| 520 | _aAn exceptional writing style, classic and current research, and insightful, up-to-the minute examples, providing students with a comprehensive and thought-provoking introduction to the field of social psychology. Social Psychology as a Discipline, Perceiving People and Events, The Self, Self-Presentation and Social Perception, Social Cognition, Evaluating Our Social World, Attitudes, Persuasion, Prejudice and Discrimination, Understanding Our Place Within the Group, Social Influence, Group Behavior, Interacting with Others, Interpersonal Attraction, Intimate Relationships, Aggression, Prosocial Behavior: Helping Others, The Personal Relevance of Social Psychology. | ||
| 700 | 1 |
_aFranzoi Stephen L _94368 |
|
| 942 | _cBK | ||
| 999 |
_c3633 _d3633 |
||